Cocktails With Geographic Names - Statistics

General Stats
  • This quiz has been taken 67 times
  • The average score is 4 of 15
Answer Stats
Answer % Correct
Moscow Mule
74%
Manhattan
73%
Long Island Iced Tea
40%
Cuba Libre
34%
Singapore Sling
34%
Black Russian
24%
French 75
21%
Irish Coffee
18%
New York Sour
11%
Americano
10%
French Martini
8%
Old Cuban
8%
Trinidad Sour
8%
French Connection
5%
Russian Spring Punch
3%
No matching quizzes found
Score Distribution
Percent of People with Each Score
Percentile by Number Answered
Your Score History
You have not taken this quiz